Mundo obrero / (Record no. 196234)

MARC details
000 -LEADER
campo de control de longitud fija 01448nas a2200445 i 4500
001 - NÚMERO DE CONTROL
campo de control 196234
003 - IDENTIFICADOR DE NÚMERO DE CONTROL
campo de control ES-MaACL
005 - FECHA Y HORA DE LA ÚLTIMA TRANSACCIÓN
campo de control 20260623113934.0
007 - CAMPO FIJO DE DESCRIPCIÓN FÍSICA--INFORMACIÓN GENERAL
campo de control de longitud fija ta
008 - DATOS DE LONGITUD FIJA--INFORMACIÓN GENERAL
campo de control de longitud fija 240820d1991201usp mr p 0uuub0spa
010 ## - NÚMERO DE CONTROL DE LA BIBLIOTECA DEL CONGRESO
Número de control de LC c
Número de control de NUCMC 1
016 7# - NÚMERO DE CONTROL DE UNA AGENCIA BIBLIOGRÁFICA NACIONAL
Número de control del registro biseBNE19940330657
Fuente SpMaBN
017 ## - NÚMERO DE COPYRIGHT O DE DEPÓSITO LEGAL
Número de copyright o de depósito legal M 13200-1977
Agencia que asigna Oficina Depósito Legal Madrid
022 0# - NÚMERO INTERNACIONAL NORMALIZADO PARA PUBLICACIONES SERIADAS
Número Internacional Normalizado para Publicaciones Seriadas 1134-1882
Fuente _u
035 ## - NÚMERO DE CONTROL DEL SISTEMA
Número de control de sistema (OCoLC)436565500
035 ## - NÚMERO DE CONTROL DEL SISTEMA
Número de control de sistema (SpMaBN)bise0000031026
035 ## - NÚMERO DE CONTROL DEL SISTEMA
Número de control de sistema 991029462549708606
037 ## - FUENTE DE ADQUISICIÓN
Fuente del número de adquisición Marqués de Monteagudo, 8, 28028; tf. 5569807
Condiciones de disponibilidad 225 pta fasc.
040 ## - FUENTE DE CATALOGACIÓN
Centro catalogador/agencia de origen SpMaBN
Lengua de catalogación spa
Centro/agencia transcriptor SpMaBN
Normas de descripción rdc
Centro/agencia modificador ES-MaACL
080 ## - NÚMERO DE LA CLASIFICACIÓN DECIMAL UNIVERSAL
Número de la Clasificación Decimal Universal 329(460) PCE
130 0# - ENTRADA PRINCIPAL--TÍTULO UNIFORME
Título uniforme Mundo obrero (Madrid. 1991)
9 (RLIN) 238548
222 #0 - TÍTULO CLAVE
Título clave Mundo obrero
Información calificativa Madrid
245 10 - MENCIÓN DEL TÍTULO
Título Mundo obrero /
Mención de responsabilidad, etc. Partido Comunista de España
260 ## - PUBLICACIÓN, DISTRIBUCIÓN, ETC.
Lugar de publicación, distribución, etc. Madrid :
Nombre del editor, distribuidor, etc. P.C.E.,
Fecha de publicación, distribución, etc. 1991-
300 ## - DESCRIPCIÓN FÍSICA
Extensión v. ;
Dimensiones 41 cm
310 ## - PERIODICIDAD ACTUAL
Periodicidad actual Mensual
336 ## - TIPO DE CONTENIDO
Fuente rdacontent
Término de tipo de contenido texto
337 ## - TIPO DE MEDIO
Fuente rdamedia
Nombre/término del tipo de medio sin mediación
338 ## - TIPO DE SOPORTE
Fuente rdacarrier
Nombre/término del tipo de soporte volumen
362 0# - FECHAS DE PUBLICACIÓN Y/O DESIGNACIÓN SECUENCIAL
Fecha de publicación y/o designación secuencial N. 1 (sept. 1991)-
500 ## - NOTA GENERAL
Nota general Tít. propio tomado de la cub.
588 1# - NOTA DE FUENTE DE LA DESCRIPCIÓN
Nota de fuente de la descripción n. 244 (en. 2012)
655 #7 - TERMINO DE INDIZACIÓN--GENERO/FORMA
9 (RLIN) 226857
Datos o término principal de género/forma Periódicos
710 0# - ENTRADA AGREGADA--NOMBRE DE ENTIDAD CORPORATIVA
Nombre de entidad corporativa o nombre de jurisdicción como elemento de entrada Partido Comunista de España
9 (RLIN) 6135
852 ## - LOCALIZACIÓN
Ubicación Es-MaACL
Ubicación en estantería Hemeroteca
Número de control de estantería HEM-1805 (Cº 33)
Donativo/Legado Donación: Editorial
Nota libre Revista viva
-- Casillero actual: Cº 33
itemnumber 203982
866 ## - MENCIÓN TEXTUAL DE FONDOS--UNIDAD BIBLIOGRÁFICA BÁSICA
Fondos 2022-2024-2025-2026-
942 ## - ELEMENTOS DE ENTRADA SECUNDARIOS (KOHA)
Fuente del sistema de clasificación o colocación Clasificación decimal universal
Suprimir en OPAC No
Tipo de ítem Koha Periódico
955 ## - CATALOGADOR - EDICIÓN
Nombre de catalogador Verónica Torres Díaz
Holdings
Estatus retirado Estado de pérdida Fuente del sistema de clasificación o colocación Especificación de materiales (volumen encuadernado u otra parte) Estado de daño No para préstamo Colección Biblioteca de origen Biblioteca actual Ubicación en estantería Fecha de adquisición Fuente de adquisición Total de préstamos Signatura topográfica completa Código de barras Visto por última vez Precio de reemplazo Tipo de ítem Koha
    Clasificación decimal universal Último número recibido: n.º 398 (2026)     Periódicos y Revistas Biblioteca del Ateneo de Madrid Biblioteca del Ateneo de Madrid Hemeroteca 20/08/2024 Donación   HEM-1805 (Cº 33) 101228791 20/08/2024 20/08/2024 Periódico